Alle Indischen Regionen auf einer Karte - Statistiken

Allgemein
  • Dieses Quiz wurde 7 mal gespielt
  • Das Durchschnittsergebnis liegt bei 5 aus 36
Antworten auf der Karte
Die Antworten werden auf der Karte rot bzw. grün angezeigt, abhängig davon wie oft sie richtig erraten wurden.
 
Antwortstatistiken
Antwort % Korrekt
Jammu und Kashmir
50%
Andamanen und Nikobaren
33%
Assam
33%
Dadra und Nagar Haveli und Daman und Diu
33%
Delhi
33%
Goa
33%
Kerala
33%
Punjab
33%
Sikkim
33%
Uttar Pradesh
33%
Andhra Pradesh
17%
Chandigarh
17%
Maharashtra
17%
Odisha
17%
Rajasthan
17%
Tamil Nadu
17%
Westbengalen
17%
Arunachal Pradesh
0%
Bihar
0%
Chhattisgarh
0%
Gujarat
0%
Haryana
0%
Himachal Pradesh
0%
Jharkhand
0%
Karnataka
0%
Ladakh
0%
Lakshadweep
0%
Mandhya Pradesh
0%
Manipur
0%
Meghalaya
0%
Mizoram
0%
Nagaland
0%
Puducherry
0%
Telangana
0%
Tripura
0%
Uttarakhand
0%
Keine übereinstimmenden Quizze gefunden
Verteilung der Resultate
Anzahl Personen mit jedem Resultat
Perzentil nach korrekt beantworteten Fragen
Ihre Resultats-Entwicklung
Sie haben dieses Quiz noch nicht gespielt